000 00877nam a2200217 a 4500
001 001065039
003 AM-YeHGA
005 20250617151142.0
008 150311s1975 ||| r 000 0 rus d
040 _aAM-YeHGA
041 0 _arus
100 1 _aГоленко, Дмитрий Исаакович
245 1 0 _aМоделирование в технико-экономических системах :
_bУправление запасами /
_cД.И. Голенко, А.И. Дакелин, С.Е. Лившиц.
260 _aЛенинград :
_bИзд-во Ленингр. ун-та,
_c1975.
300 _a197 с.
504 _aБиблиогр.: с. 193-195
653 0 _aЭкономическая кибернетика
700 1 _aДакелин, Анатолий Иванович
700 1 _aЛившиц, Семен Ефимович
090 _c347710
999 _c345909
_d345909